000 01014cam a2200349 4500
001 ABS64777
008 011205n2001 000 0 eng u
035 _a(Sirsi) u115875
245 _aRegional survey: Sussex and NE London boroughs
260 _c2001
490 _aProperty Week
_v66(48) 30 November 2001, 89-102(13)
590 _aABS
650 _aLONDON BOROUGHS
650 _aESSEX
650 _aNORTHEAST LONDON
650 _aPROPERTY-COMMERCIAL PROPERTY-OFFICE PROPERTY-OFFICE PROPERTY MARKET
650 _aPROPERTY-COMMERCIAL PROPERTY-RETAIL PROPERTY-RETAIL PROPERTY MARKET
650 _aINDUSTRIAL MARKET
650 _aDAGENHAM
650 _aROMFORD
650 _aTHURROCK
650 _aBASILDON
650 _aBISHOPS STORTFORD
650 _aCHELMSFORD
650 _aCLACTON-ON-SEA
650 _aEAST HAM
650 _aHARLOW
650 _aILFORD
650 _aLAKESIDE SHOPPING CENTRE
690 _aPROPERTY-COMMERCIAL PROPERTY-COMMERCIAL PROPERTY MARKET
942 _n0
999 _c69031
_d69031